000 00331 a2200157 4500
001 190585
020 _a978-1-4240-4643-0
040 _cMagnum
100 _aLeather, Sue
240 1 0 _aHeart of a fighter
_lING
245 1 0 _aHeart of a fighter
300 _a62
362 0 _a2011
697 _aLITERATURA INGLESA
942 _cBK
999 _c190585
_d190585